LEADER 01189nam a2200313 a 4500 001 000000124517 003 CaOOAMICUS 005 20110303152950.0 008 110303t2010 it u000 u ita r 020 $a978-88-15-13412-7 040 $aPUL$bita 082 04$a211.8 100 1 $aDel Noce, Augusto,$d1910-1989.$0(OLS)http://pul/name/5683 245 13$aIl problema dell'ateismo /$cAugusto Del Noce. 250 $aNuova ed. 260 $aBologna :$bIl Mulino,$c2010. 300 $aLXV, 588 p. ;$c22 cm 490 1 $aBiblioteca paperbacks ;$v19 500 $aInclude indice. 650 4$aAteismo (filosofia).$0(OLS)http://pul/subject/4943 830 0$aBiblioteca paperbacks ;$v19.$0(OLS)http://pul/title/144760 850 $aPUL 852 $aPUL$W1$xSL Religione 3$y85$m211. 8 DELAU 1$j143361$qDDC 21$q $B142395$CPULBib$Z2$F142395 $H115452 $81 941 1 $a9 996 $6020$a978-88-15-13412-7$9(OLS)http://pul/number/146535 996 $6082$a211.8$9(OLS)http://pul/classification/502 996 $6245$aIl problema dell'ateismo$9(OLS)http://pul/title/106961 996 $6260$aBologna :$bIl Mulino$9(OLS)http://pul/publisher/47928 LEADER 01225nam a2200313 a 4500 001 000000176860 003 CaOOAMICUS 005 20240523143323.0 008 240523s2023 it u000 u ita r 020 $a978-88-337-9661-1* 032 $aLibriCat 040 $aPUL$bita 082 1 $a344.45035 100 1 $aDiddi, Alessandro,$d1965-$0(OLS)http://pul/name/113674 245 10$aManuale di diritto penitenziario /$cAlessandro Diddi. 250 $a4. edizione 260 $aPisa :$bPacini editore,$cİ2023. 300 $a479 p ;$b$c24 cm 490 1 $aPacini Giuridica 650 4$aDiritto penitenziario$zItalia.$0(OLS)http://pul/subject/45630 830 0$aPacini Giuridica.$0(OLS)http://pul/title/198704 850 $aPUL 852 $aPUL$W1$xSL Diritto e Scienze Sociali 3$y79$m344. 45035 DIDAL 1$j200862$qDDC 21$B205819$CPULBib$Z2$F205819 $H137049 $82 941 1 $a8 996 $6020$a978-88-337-9661-1*$9(OLS)http://pul/number/169734 996 $6082$a344.45035$9(OLS)http://pul/classification/3500 996 $6245$aManuale di diritto penitenziario$9(OLS)http://pul/title/218357 996 $6260$aPisa :$bPacini editore$9(OLS)http://pul/publisher/64470